Tính hữu hiệu của hệ thống kiểm soát nội bộ tại Công an tỉnh Bình Dương
Đồng ý về việc phục vụ đọc trực tuyến, chép file; cho photo 100% tài liệu; TM tài liệu tham khảo tr. 101 - 102; Luận văn Thạc sĩ trường Đại học Thủ Dầu Một. Chuyên ngành: Kế toán; Mã số: 8340101; Luận văn gồm 3 chương: Tổng quan cơ sở lý thuy...
Αποθηκεύτηκε σε:
| Κύριος συγγραφέας: | |
|---|---|
| Άλλοι συγγραφείς: | |
| Μορφή: | Βιβλίο |
| Γλώσσα: | Undetermined |
| Έκδοση: |
Bình Dương
2019
|
| Θέματα: | |
| Διαθέσιμο Online: | http://lrc.tdmu.edu.vn/opac/search/detail.asp?aID=2&ID=40096 |
| Ετικέτες: |
Προσθήκη ετικέτας
Δεν υπάρχουν, Καταχωρήστε ετικέτα πρώτοι!
|
| Thư viện lưu trữ: | Trung tâm Học liệu Trường Đại học Thủ Dầu Một |
|---|
| LEADER | 01486nam a2200205Ia 4500 | ||
|---|---|---|---|
| 001 | TDMU_40096 | ||
| 008 | 210410s9999 xx 000 0 und d | ||
| 082 | |a 004 | ||
| 090 | |b V400 | ||
| 100 | |a Võ, Văn Cải | ||
| 245 | 0 | |a Tính hữu hiệu của hệ thống kiểm soát nội bộ tại Công an tỉnh Bình Dương | |
| 245 | 0 | |c Võ Văn Cải; Phan Đức Dũng (h.dẫn) | |
| 260 | |a Bình Dương | ||
| 260 | |c 2019 | ||
| 300 | |a 132 tr.+ Phụ lục | ||
| 520 | |a Đồng ý về việc phục vụ đọc trực tuyến, chép file; cho photo 100% tài liệu; TM tài liệu tham khảo tr. 101 - 102; Luận văn Thạc sĩ trường Đại học Thủ Dầu Một. Chuyên ngành: Kế toán; Mã số: 8340101; Luận văn gồm 3 chương: Tổng quan cơ sở lý thuyết; Thực trạng kiểm soát nội bộ tại Công an tỉnh Bình Dương; Một số giải pháp hoàn thiện hệ thống kiểm soát nội bộ tại Công an tỉnh Bình Dương | ||
| 650 | |a Kế toán |x Hệ thống kiểm soát nội bộ |z Công an tỉnh Bình Dương (Việt Nam); Công an |x Kiểm soát nội bộ |z Binh Dương (Việt Nam) | ||
| 700 | |a Phan, Đức Dũng | ||
| 856 | |u http://lrc.tdmu.edu.vn/opac/search/detail.asp?aID=2&ID=40096 | ||
| 980 | |a Trung tâm Học liệu Trường Đại học Thủ Dầu Một | ||